Sanat - "Liekinheitin" - Pete Parkkonen & Linda Lampenius - Statistics

Yleistilastot
  • Tätä visaa on pelattu 145 kertaa
  • Keskiarvotulos 98 / 156
Vastaustilastot
Hint Vastaus % Oikein
liekinheitin
95%
Outro Liekinheitin
95%
95%
ku
92%
oot
90%
mut
84%
saa
81%
täält
80%
häipyy
79%
viisaampi
79%
Chorus | Intro Ois
78%
niin
71%
viel
70%
kuuma
68%
saan
68%
et
66%
leikin
66%
miten
66%
saat
66%
vielki
66%
palamaan
65%
tulel
65%
vois
65%
jääkylmä
64%
tunteet
64%
kii
63%
63%
jäädyttää
62%
kuolla
60%
sua
59%
voiko
59%
kiimaan
58%
kun
57%
ihminen
56%
mua
55%
vähän
52%
sust
51%
sun
49%
irti
48%
illas
47%
Verse 1 Samas
47%
tuntis
47%
ilmas
46%
saanu
46%
käsiäs
45%
must
45%
viime
45%
ihmisjoukost
44%
kato
44%
outoo
44%
yönä
44%
ees
43%
silmiin
43%
tutuille
43%
etin
42%
vaan
42%
en
41%
taas
41%
asteen
40%
joo
40%
tuntuu
40%
ettet
38%
muille
38%
savuu
38%
hyvältä
37%
kolmannen
37%
palan
37%
palovammoja
37%
puhut
37%
teen
37%
vaik
37%
syntiä
36%
oh
33%
se
33%
kasteen
31%
iltaan
30%
dear
29%
lord
27%
vasten
27%
iho
26%
ihoa
26%
Verse 2 Pariin
25%
yhen
24%
saanko
22%
ollaan
20%
sult
20%
runtuu
18%
aina
16%
Ehtoja vastaavia visoja ei löytynyt
Tulosjakauma
Jokaisen tuloksen saaneiden osuus
Persentiili vastausten määrän mukaan
Tuloshistoriasi
Et ole pelannut tätä visaa